Οι φόβοι των εφήβων : Εμπειρική ψυχολογική προσέγγιση
Αποθηκεύτηκε σε:
| Κύριος συγγραφέας: | |
|---|---|
| Μορφή: | Βιβλίο |
| Γλώσσα: | Greek |
| Δημοσίευση: |
Ηράκλειο :
[χ.ό.],
1993
|
| Θέματα: | |
| Ετικέτες: |
Προσθήκη ετικέτας
Δεν υπάρχουν, Καταχωρήστε ετικέτα πρώτοι!
|
MARC
| LEADER | 00000nam a2200000 i 4500 | ||
|---|---|---|---|
| 001 | 1/67176 | ||
| 008 | 990120s1993 gre d | ||
| 035 | |l 10047431 | ||
| 040 | |a GR-MY-UA |b gre |e aacr | ||
| 041 | 0 | |a gre | |
| 082 | 0 | |a 155.5 | |
| 100 | 1 | |a Κρασανάκης, Γεώργιος Ε. | |
| 245 | 1 | 3 | |a Οι φόβοι των εφήβων : |b Εμπειρική ψυχολογική προσέγγιση / |c Γεωργίου Ε. Κρασανάκη |
| 260 | |a Ηράκλειο : |b [χ.ό.], |c 1993 | ||
| 300 | |a 144 σ. | ||
| 650 | 0 | 0 | |a Adolescent psychology. |
| 650 | 0 | 0 | |a Fear. |
| 852 | |a INST |b RHODES |e 19990120 |h 155.5 ΚΡΑ |p 005400005696 |q 005400005696 |t BK |y 0 | ||
| 901 | |a BIBL-1999-1 | ||
| 909 | |a Ρ |b 053404 |c 1998 | ||
| 922 | |a 4ΕΛΗ |b 199801 |c ΚΠΣ/ΔΕ |d EMVASIS | ||
| 970 | |z 2000/07/ΚΑΤΕΡΙΝΑ | ||